Conozco El Tiempo = (Record no. 18584)
[ view plain ]
| 000 -LEADER | |
|---|---|
| fixed length control field | 00782nam a22002537a 4500 |
| 001 - CONTROL NUMBER | |
| control field | sjds170142 |
| 003 - CONTROL NUMBER IDENTIFIER | |
| control field | sjds |
| 005 - DATE AND TIME OF LATEST TRANSACTION | |
| control field | 20170714151201.0 |
| 008 - FIXED-LENGTH DATA ELEMENTS--GENERAL INFORMATION | |
| fixed length control field | 170714b nyu||||| |||| 00| 0 eng d |
| 020 ## - INTERNATIONAL STANDARD BOOK NUMBER | |
| International Standard Book Number | 9781538205662 (hard lb) |
| 040 ## - CATALOGING SOURCE | |
| Transcribing agency | sjds |
| 041 ## - LANGUAGE CODE | |
| Language code of text/sound track or separate title | spa |
| -- | eng |
| 082 ## - DEWEY DECIMAL CLASSIFICATION NUMBER | |
| Classification number | 551.5 |
| 100 1# - MAIN ENTRY--PERSONAL NAME | |
| Personal name | James, Trisha |
| 245 10 - TITLE STATEMENT | |
| Title | Conozco El Tiempo = |
| Remainder of title | I Know the Weather / |
| Statement of responsibility, etc. | by Trisha James ; traducido por Eida de la Vega. |
| 260 ## - PUBLICATION, DISTRIBUTION, ETC. (IMPRINT) | |
| Place of publication, distribution, etc. | New York : |
| Name of publisher, distributor, etc. | Gareth Stevens Publishing, |
| Date of publication, distribution, etc. | 2018. |
| 300 ## - PHYSICAL DESCRIPTION | |
| Extent | 23 pages : |
| Other physical details | color illustrations ; |
| Dimensions | 19 cm |
| 490 ## - SERIES STATEMENT | |
| Series statement | Lo que conozco = What I know |
| 500 ## - GENERAL NOTE | |
| General note | "conceptos basicos"--Cover |
| 650 #0 - SUBJECT ADDED ENTRY--TOPICAL TERM | |
| Topical term or geographic name as entry element | Weather |
| Form subdivision | Juvenile literature |
| 650 #0 - SUBJECT ADDED ENTRY--TOPICAL TERM | |
| Topical term or geographic name as entry element | Climatology |
| Form subdivision | Juvenile literature |
| 700 1# - ADDED ENTRY--PERSONAL NAME | |
| Personal name | Vega, Eida de la. |
| 942 ## - ADDED ENTRY ELEMENTS (KOHA) | |
| Source of classification or shelving scheme | Dewey Decimal Classification |
| Koha item type | Libro/Book |
| Withdrawn status | Lost status | Source of classification or shelving scheme | Damaged status | Not for loan | Home library | Current library | Date acquired | Total Checkouts | Total Renewals | Full call number | Barcode | Checked out | Date last seen | Date checked out | Price effective from | Koha item type |
|---|---|---|---|---|---|---|---|---|---|---|---|---|---|---|---|---|
| Dewey Decimal Classification | San Juan Del Sur -- Mobile | Sapoa | 14/07/2017 | 10 | 551.5 | 33014390 | 09/05/2022 | 04/04/2022 | 04/04/2022 | 14/07/2017 | Libro/Book |